Ekonomiska kriser samhälle - Statistics

General Stats
  • This quiz has been taken 13 times
  • The average score is 30 of 34
Answer Stats
Hint Answer % Correct
En bok skriven av ekonomen John Maynard Keynes år 1936. I boken förklarar han hur arbetslöshet och ekonomiska kriser kan uppstå och menar att staten bör ingripa i ekonomin genom till exempel ökad konsumtion och investeringar. “Allmän teori om sysselsättning, ränta och pengar.”
100%
En politisk idé som betonar att fler ska arbeta och försörja sig själva istället för att få bidrag. Målet är att minska arbetslöshet och öka produktionen i samhället. Arbetslinjen
100%
Staten tar bort regler och begränsningar för hur banker får låna ut pengar. Det gör att det blir lättare att ta lån, men det kan också leda till ökad skuldsättning och ekonomiska kriser. Avreglerad kreditmarknad
100%
Ett löfte från en bank att betala en summa pengar åt en kund om denne inte kan fullfölja ett avtal. Det används ofta vid stora affärer eller lån för att minska risken för motparten. Bankgaranti
100%
Värdet av alla varor och tjänster som produceras i ett land under ett år. Det används för att mäta hur stark ett lands ekonomi är och om den växer eller minskar över tid. BNP
100%
BNP delat på antalet invånare. Det visar ungefär hur mycket värde som produceras per person och används för att jämföra levnadsstandarden mellan olika länder. BNP Per Capita
100%
När priserna på varor och tjänster sjunker över tid. Det kan verka bra, men riskerar att bromsa ekonomin eftersom människor väntar med köp och företagen tjänar mindre. Deflation
100%
Staten försöker få igång ekonomin genom att öka sina utgifter eller sänka skatter. Expansiv finanspolitik
100%
Perioden från cirka 1870 till första världskriget 1914 då handel, migration och investeringar ökade kraftigt mellan länder. Första globaliseringsvågen
100%
Ekonomiskt system där ett lands valuta var knuten till en bestämd mängd guld. Guldmyntfot
100%
en internationell organisation som hjälper länder med ekonomiska problem. De ger lån, råd och stöd för att stabilisera ekonomin och förhindra kriser. IMF
100%
När priserna på varor och tjänster stiger över tid. Det betyder att pengarnas värde minskar, eftersom man kan köpa mindre för samma summa pengar. Inflation
100%
Den nivå på prisökningar som en centralbank siktar på, till exempel 2 % per år i Sverige. Målet hjälper till att hålla ekonomin stabil och förutsägbar. Inflationsmålet
100%
Regler som säger hur mycket eget kapital en bank måste ha i förhållande till sina riskvägda lån. Det görs för att banken ska klara förluster och minska risken för ekonomiska kriser. Kapitaltäckningskrav
100%
En person eller institution som lånar ut pengar, till exempel en bank. De får ofta ränta som betalning för att låna ut pengarna. Kreditgivare
100%
Marknaden där lån och krediter köps och säljs. Här bestäms räntor och villkor för lån mellan banker, företag och privatpersoner. Kreditmarknad
100%
En ökning i till exempel statliga investeringar eller konsumtion kan leda till en större ökning i hela ekonomin. Det händer eftersom pengar som betalas ut fortsätter att cirkulera, när människor spenderar sin inkomst vidare i flera steg. Multiplikatoreffekten
100%
Ett ekonomiskt och politiskt reformprogram i USA på 1930-talet under president Franklin D. Roosevelt. Målet var att bekämpa den stora depressionen genom statliga satsningar, fler jobb och ökad kontroll över banker och ekonomi. New Deal
100%
När pengar byter ägare, till exempel vid köp, försäljning eller betalning av tjänster. Det kan ske kontant, via banköverföring eller med kort. Penningstransaktion
100%
Ekonomisk politik där staten skyddar den egna ekonomin genom tullar, importkvoter eller regler mot utländska varor. Protektionism
100%
När värdet på en valuta bestäms av marknaden, alltså utbud och efterfrågan, istället för av staten. Det gör att valutan kan stärkas eller försvagas beroende på ekonomiska förhållanden. Rörlig växelkurs
100%
När ett land har hög inflation samtidigt som ekonomin står stilla eller växer väldigt långsamt. Det är ett svårt läge eftersom priserna ökar, arbetslösheten ofta är hög och det är svårt för staten att lösa båda problemen samtidigt. Stagflation
100%
Hur många personer som har ett arbete i ett land. Sysselsättning
100%
Ett lands samling av utländsk valuta, guld eller andra tillgångar som staten kan använda för att påverka växelkursen eller betala skulder. Valutareserv
100%
En politisk idé som försöker kombinera marknadsekonomi med socialt ansvar. Den vill ha en fri ekonomi, men samtidigt att staten tar ansvar för välfärd och minskar klyftor i samhället. “Den tredje vägen”
67%
När värdet på en valuta minskar i förhållande till andra valutor. Det gör importer dyrare men kan göra landets exporter billigare och mer konkurrenskraftiga. Depreciering
67%
EU länder samarbetar med gemensam valuta, euron, och gemensam penningpolitik. Syftet är att underlätta handel och ekonomisk stabilitet mellan medlemsländerna. EMU
67%
När varor eller tjänster begränsas och folk bara får köpa en viss mängd. Det används ofta under kriser eller brist på resurser. Ransonering
67%
Staten ger ekonomiskt stöd till till exempel företag eller privatpersoner för att något ska bli billigare. Subventionera
67%
När statens utgifter är större än inkomsterna under en viss period. Det betyder att staten går med underskott och ofta måste låna pengar. Underbalanserad Budget
67%
Ett system under 1980-talet i Sverige där kronans värde fick röra sig inom ett bestämt intervall mot andra valutor. Syftet var att stabilisera kronan och kontrollera inflationen. Valutaormen
67%
När ett lands valuta har ett bestämt värde i förhållande till en annan valuta eller ett guldvärde. Staten eller centralbanken måste då hålla valutans värde stabilt genom köp eller försäljning av valuta. Fast växelkurs
33%
När en centralbank styr ekonomin genom att påverka räntor och mängden pengar i omlopp. Målet är ofta att kontrollera inflation och stödja ekonomisk tillväxt. Penningpolitik
33%
En organisation som reglerar och främjar frihandel mellan länder. Den försöker lösa handelskonflikter och skapa rättvisa spelregler för handel globalt. WTO
33%
No matching quizzes found
Score Distribution
Percent of People with Each Score
Percentile by Number Answered
Your Score History
You have not taken this quiz